000 01688nam a22001577a 4500
999 _c6963
_d6963
020 _a9780321854018
050 _aQA276.12
_b.B63
100 _aDavid E Bock
245 _aStats :
_bmodeling the world
_c David E Bock; Paul F Velleman; Richard D De Veaux
260 _aBoston
_bPearson
_c2015
300 _axix, 758, 85 pages :
_billustrations (some color) ;
_c29 cm
_e + 1 DVD-ROM (4 3/4 in.)
500 _aIncludes index
505 _aI. EXPLORING AND UNDERSTANDING DATA 1. Stats Start Here 2. Data 3. Displaying and Describing Categorical Data 4. Displaying and Comparing Qualitative Data 5. Understanding and Comparing Distributions 6. The Standard Deviation as a Ruler and the Normal Model II EXPLORING RELATIONSHIPS BETWEEN VARIABLES 7. Scatterplots, Association, and Correlation 8. Linear Regression 9. Regression Wisdom 10. Re-expressing Data: Get it Straight! III. GATHERING DATA 11. Understanding Randomness 12. Sample Surveys 13. Experiments and Observational Studies IV. RANDOMNESS AND PROBABILITY 14. From Randomness to Probability 15. Probability Rules! 16. Random Variables 17. Probability Models V. FROM THE DATA AT HAND TO THE WORLD AT LARGE 18. Sampling Distribution Models 19. Confidence Intervals for Proportions 20. Testing Hypotheses About Proportions 21. More About Tests and Intervals 22. Comparing Two Proportions VI. LEARNING ABOUT THE WORLD 23. Inferences about Means 24. Comparing Means 25. Paired Samples and Blocks VII. INFERENCE WHEN VARIABLES ARE RELATED 26. Comparing Counts 27. Inferences for Regression 28. Analysis of Variance (on DVD)29. Multiple Regression (on DVD)
650 _a Graphic calculators -- .
_xTextbooks. Graphic calculators
942 _cBK